| 000 | 00593cam a2200205 i 4500 | ||
|---|---|---|---|
| 001 | 1832855 | ||
| 005 | 20241205113144.0 | ||
| 008 | 810202s1980 miua 000 0 eng | ||
| 020 |
_a0801060419 (pbk.) : _c$9.95 |
||
| 050 | 0 | 0 |
_aPJ4567 _b.M23 1980 |
| 082 | 0 | 0 |
_a492.4/82421 _219 |
| 100 | 1 | _aMansoor, Menahem. | |
| 245 | 1 | 0 |
_aBiblical Hebrew step-by-step / _cMenahem Mansoor. |
| 250 | _a2d ed. | ||
| 260 |
_aGrand Rapids, Mich. : _bBaker Book House, _cc1980. |
||
| 300 |
_a249 p. : _bill. ; _c24 cm. |
||
| 500 | _aINCLUDING INDEX | ||
| 650 | 0 |
_aHebrew language _xGrammar. |
|
| 942 |
_2lcc _cBK _n0 |
||
| 999 |
_c1968 _d1968 |
||